000
00229nam a2200097Ia 4500
001
1198418
005
20250827021845.0
008
250824s9999 xx 000 0 und d
245
0
_a
UÇUŞ
_c
ANGİE SAGE
260
_b
ALTIN KİTAPLAR
999
_c
1198418
_d
1198418